000 00427nam a2200169Ia 4500
008 221030s9999 xx 000 0 und d
020 _a8176563692
041 _aEnglish
082 _a105.23
_bLot
100 _aM. Lotia
245 0 _aModern UPS Introduction Torubleshooting & Repair
_cby M. Lotia, P. Nair
260 _bBPB Pub
_aNew Delhi
_c2002
300 _a174
650 _aBE Computer
700 _aP. Nair
942 _cBK
999 _c762
_d762